| 000 | 00370nam a2200145Ia 4500 | ||
|---|---|---|---|
| 008 | 230312s9999||||xx |||||||||||||| ||und|| | ||
| 020 | _a978-9351070351 | ||
| 082 |
_a620.2 _bBER-A |
||
| 100 | _aBeranek;LEO.l | ||
| 245 | 0 | _aAcoustics Sound Fields and Transducers | |
| 260 |
_bElsevier _aIndia _c2013 |
||
| 300 | _a704 | ||
| 650 |
_aEngineering _vElectrical |
||
| 942 | _cBK | ||
| 999 |
_c14070 _d14070 |
||